[Event "Arcapita Open"]
[Site "Manama BHN"]
[Date "2009.01.30"]
[Round "6"]
[White "Tregubov, Pavel"]
[Black "Iotov, Valentin"]
[Result "1/2-1/2"]
[WhiteElo "2647"]
[BlackElo "2556"]
[PlyCount "60"]
[EventDate "2009.01.24"]

1. d4 Nf6 2. c4 e6 3. Nf3 d5 4. Nc3 Bb4 5. cxd5 exd5 6. Bg5 Nbd7 7. e3 c5 8.
Bd3 Qa5 9. Qc2 c4 10. Bf5 O-O 11. O-O Re8 12. Nd2 g6 13. Bxd7 Nxd7 14. h4 f6
15. Bh6 Bxc3 16. bxc3 Nb6 17. f3 Qa4 18. Qc1 Bd7 19. e4 Re6 20. Re1 Rae8 21.
Re3 Bc6 22. Qf1 Qc2 23. Qf2 Na4 24. Rae1 Nxc3 25. exd5 Rxe3 26. Rxe3 Nxd5 27.
Rxe8+ Bxe8 28. Qe1 Bf7 29. Qg3 Qa4 30. Nxc4 Qd7 1/2-1/2

[Event "Arcapita Open"]
[Site "Manama BHN"]
[Date "2009.01.31"]
[Round "7"]
[White "Golubev, Mikhail"]
[Black "Al Sulaiti, Ali"]
[Result "1-0"]
[WhiteElo "2487"]
[BlackElo "2136"]
[PlyCount "69"]
[EventDate "2009.01.24"]

1. e4 e5 2. Nf3 Nc6 3. d4 exd4 4. Nxd4 Bc5 5. Be3 Bb6 6. Nf5 Bxe3 7. Nxe3 Nf6
8. Nc3 d6 9. f3 O-O 10. Qd2 a6 11. O-O-O b5 12. h4 Be6 13. h5 Ne5 14. h6 g6 15.
f4 Neg4 16. Nxg4 Bxg4 17. Re1 b4 18. Nd5 Nxd5 19. exd5 Qf6 20. Qxb4 Bd7 21. Re4
a5 22. Qd4 Qxd4 23. Rxd4 Rfe8 24. Kd2 a4 25. Bd3 f6 26. Re1 Ra5 27. Rxe8+ Bxe8
28. Rc4 Ra7 29. Rb4 Kf7 30. Rb8 Ke7 31. g4 Ra5 32. c4 Ra7 33. Kc3 Kf7 34. Bxg6+
hxg6 35. Rxe8 1-0

[Event "Arcapita Open"]
[Site "Manama BHN"]
[Date "2009.01.31"]
[Round "7"]
[White "Roy Chowdhury, Saptarshi"]
[Black "Filippov, Anton"]
[Result "1-0"]
[WhiteElo "2444"]
[BlackElo "2556"]
[PlyCount "63"]
[EventDate "2009.01.24"]

1. e4 e5 2. Nf3 Nc6 3. Bc4 Nf6 4. d3 Be7 5. O-O O-O 6. Bb3 d6 7. c3 h6 8. Nbd2
Nh7 9. Nc4 Ng5 10. Nxg5 Bxg5 11. f4 exf4 12. Bxf4 Bxf4 13. Rxf4 Qg5 14. Qf3 Be6
15. d4 Ne7 16. h4 Qb5 17. d5 Bd7 18. Rf1 Qc5+ 19. Kh1 f6 20. e5 Ng6 21. e6 Nxf4
22. Qxf4 Be8 23. Ne3 Bg6 24. Nf5 Rae8 25. Rf3 Bxf5 26. Qxf5 Re7 27. Bc2 g6 28.
Qxg6+ Rg7 29. Qxh6 f5 30. e7 Re8 31. Qe6+ Kh8 32. Rxf5 1-0

[Event "Arcapita Open"]
[Site "Manama BHN"]
[Date "2009.02.01"]
[Round "8"]
[White "Adly, Ahmed"]
[Black "Iotov, Valentin"]
[Result "0-1"]
[WhiteElo "2568"]
[BlackElo "2556"]
[PlyCount "112"]
[EventDate "2009.01.24"]

1. d4 d5 2. c4 c6 3. Nc3 Nf6 4. e3 g6 5. cxd5 cxd5 6. g3 Bg7 7. Bg2 O-O 8. Nge2
Nc6 9. O-O b6 10. Nf4 e6 11. Qa4 Qd7 12. b3 a6 13. Qa3 a5 14. Na4 Rb8 15. Bd2
Ba6 16. Rfc1 Ne4 17. Be1 Rfc8 18. Qb2 e5 19. Nxd5 Qxd5 20. Nc3 Nxc3 21. Bxd5
Nxd5 22. e4 Ndb4 23. Bxb4 axb4 24. dxe5 Nxe5 25. Kg2 Nf3 26. Qb1 Nd2 27. Rxc8+
Rxc8 28. Qd1 Bf1+ 29. Kg1 Bxa1 30. Qxd2 Bh3 31. Qh6 Be6 32. h4 Rc2 33. Qg5 h5
34. f4 Bh3 35. Qd8+ Kg7 36. e5 Bc3 37. g4 Bxg4 38. Qf6+ Kg8 39. Qd8+ Kh7 40.
Qf6 Bd4+ 41. Kf1 Rf2+ 42. Ke1 Be6 43. Qd8 Bc5 44. Qg5 Rxa2 45. f5 Bxf5 46. Qf6
Be6 47. Kd1 Bxb3+ 48. Kc1 Be6 49. Kb1 b3 50. Kc1 Bd4 51. Kd1 b2 52. Kc2 Bb3+
53. Kxb3 b1=Q+ 54. Kc4 Ra4+ 55. Kd5 Qb3+ 56. Ke4 Ba1# 0-1

[Event "Arcapita Open"]
[Site "Manama BHN"]
[Date "2009.02.01"]
[Round "8"]
[White "Al Sulaiti, Ali"]
[Black "Essa, Kulood"]
[Result "1-0"]
[WhiteElo "2136"]
[BlackElo "1829"]
[PlyCount "61"]
[EventDate "2009.01.24"]

1. d4 d5 2. c4 e6 3. Nc3 Nf6 4. cxd5 exd5 5. Bg5 Nbd7 6. e3 Be7 7. Qc2 O-O 8.
Bd3 c6 9. Nf3 Re8 10. O-O Nf8 11. h3 Ne4 12. Bf4 Nxc3 13. bxc3 g5 14. Bg3 Ng6
15. Rab1 b6 16. Ne5 Bd7 17. f4 Bf6 18. Nxf7 Kxf7 19. fxg5 Rxe3 20. Be5 Nxe5 21.
dxe5 Rxe5 22. Rxf6+ Ke7 23. Qf2 Qg8 24. h4 Re6 25. Rf1 Be8 26. Rxe6+ Kxe6 27.
Qf6+ Kd7 28. Bf5+ Kc7 29. Qe7+ Kb8 30. Bxh7 Qh8 31. Rf8 1-0

[Event "Arcapita Open"]
[Site "Manama BHN"]
[Date "2009.02.01"]
[Round "8"]
[White "Tregubov, Pavel"]
[Black "Bagheri, Amir"]
[Result "0-1"]
[WhiteElo "2645"]
[BlackElo "2486"]
[PlyCount "98"]
[EventDate "2009.01.24"]

1. d4 d5 2. c4 c6 3. Nf3 Nf6 4. e3 Bf5 5. Nc3 e6 6. Nh4 Bg6 7. Nxg6 hxg6 8. g3
Nbd7 9. Bd2 Bb4 10. Qb3 Bxc3 11. Bxc3 Ne4 12. Bg2 Nxc3 13. Qxc3 f5 14. O-O-O
Nb6 15. c5 Nd7 16. h4 Qc7 17. f4 b6 18. Bf3 bxc5 19. dxc5 Nf6 20. Rdg1 Qe7 21.
Kb1 Kf7 22. g4 fxg4 23. Bxg4 Nxg4 24. Rxg4 Qf6 25. Qc2 Qf5 26. Rhg1 Rh6 27. h5
Qxc2+ 28. Kxc2 gxh5 29. Rxg7+ Kf6 30. Rc7 Rg6 31. Rxg6+ Kxg6 32. Rxc6 Kf5 33.
Rc7 Rh8 34. Rxa7 h4 35. Rg7 h3 36. Rg1 Ke4 37. b4 Kxe3 38. c6 h2 39. Rh1 d4 40.
b5 d3+ 41. Kc3 Rh5 42. Kc4 d2 43. c7 Rh8 44. Kc3 Rg8 45. b6 Rg1 46. b7 d1=Q 47.
c8=Q Qd4+ 48. Kb3 Rxh1 49. Qxe6+ Kd2 0-1

[Event "Arcapita Open"]
[Site "Manama BHN"]
[Date "2009.02.01"]
[Round "8"]
[White "Zozulia, Anna"]
[Black "Golubev, Mikhail"]
[Result "1/2-1/2"]
[WhiteElo "2376"]
[BlackElo "2487"]
[PlyCount "120"]
[EventDate "2009.01.24"]

1. e4 c5 2. Nf3 d6 3. d4 cxd4 4. Nxd4 Nf6 5. Nc3 g6 6. Bg5 Bg7 7. Qd2 Nc6 8.
Nb3 Be6 9. Be2 h6 10. Be3 d5 11. Nd4 Nxd4 12. Qxd4 O-O 13. e5 Ne4 14. Nxe4 dxe4
15. O-O Qxd4 16. Bxd4 Rfd8 17. Rfd1 Rd7 18. a4 Rc8 19. Bb5 Rd5 20. Bxa7 Rxc2
21. Rxd5 Bxd5 22. Bd4 e3 23. Bxe3 Bxe5 24. Rd1 e6 25. Bxh6 Rxb2 26. Be3 Bb3 27.
Rd8+ Kg7 28. f4 Bf6 29. Rd2 Rb1+ 30. Kf2 Ra1 31. Bd4 Bxd4+ 32. Rxd4 Ra2+ 33.
Kf1 Bd5 34. Be2 Bc6 35. g4 Rxa4 36. Rxa4 Bxa4 37. h4 b5 38. Ke1 b4 39. Kd2 Bb3
40. Bb5 Kf6 41. Ke3 Bd1 42. g5+ Kf5 43. Kd2 Bf3 44. Be8 Kxf4 45. Bxf7 Kg4 46.
Bxg6 e5 47. Bf7 Kf5 48. Ke3 Bd1 49. Kd2 Ba4 50. Bd5 Bd7 51. Ke3 Be6 52. Bxe6+
Kxe6 53. Kd3 Kf5 54. Kc4 e4 55. Kxb4 e3 56. Kc3 Kf4 57. g6 Kf3 58. g7 e2 59.
g8=Q e1=Q+ 60. Kb2 Qxh4 1/2-1/2

[Event "Arcapita Open"]
[Site "Manama BHN"]
[Date "2009.02.02"]
[Round "9"]
[White "Golubev, Mikhail"]
[Black "Adly, Ahmed"]
[Result "0-1"]
[WhiteElo "2487"]
[BlackElo "2568"]
[PlyCount "66"]
[EventDate "2009.01.24"]

1. e4 c5 2. Nf3 d6 3. d4 Nf6 4. Nc3 cxd4 5. Nxd4 a6 6. Bc4 e6 7. Bb3 b5 8. O-O
Bb7 9. Re1 Nbd7 10. Bg5 h6 11. Bxf6 Nxf6 12. a4 b4 13. Nd5 Qa5 14. Qf3 exd5 15.
Bxd5 Bxd5 16. exd5+ Kd7 17. c4 Rc8 18. Nc6 Qc5 19. a5 Rxc6 20. dxc6+ Kc7 21.
Ra4 d5 22. Qg3+ Qd6 23. Qb3 Ng4 24. g3 Qc5 25. Qf3 Nf6 26. cxd5 Qxd5 27. Qe2
Qb5 28. Qd1 Qf5 29. b3 Bc5 30. Ra2 Rd8 31. Qc1 Ne4 32. Qc4 Nd2 33. Re7+ Bxe7
0-1